000
00242nam a2200097Ia 4500
008
191206s9999 xx 000 0 und d
020
_a
9.78086E+12
090
_a
PS3551N464
245
0
_a
ALL GOD'S CHILDREN NEED TRAVELLING SHOES
260
_c
c1987
999
_c
15439
_d
15439